| 000 | nam a22 a 4500 | ||
|---|---|---|---|
| 999 |
_c3998 _d3998 |
||
| 005 | 20170524152218.0 | ||
| 008 | 170524b1983 - ||||| |||| 00| 0 eng d | ||
| 020 | _a0673153630 | ||
| 040 | _aAKMAL | ||
| 082 | _a808.51 PAT | ||
| 090 |
_a808.51 _bPAT |
||
| 245 |
_aRESPONSIBLE PUBLIC SPEAKING _cPATTON/GIFFIN LINKUGEL |
||
| 260 |
_aUNITED STATES OF AMERICA _bSCOTT, FORESMAN AND COMPANY _c1983 |
||
| 300 |
_a246pg,; _c22 cm |
||
| 650 |
_aCOMMUNICATION _9486 |
||
| 942 |
_2ddc _cBOOK |
||